Fundamental shop training for those preparing for war service (Record no. 545986)
[ view plain ]
| 000 -LEADER | |
|---|---|
| fixed length control field | 01317cam a22002291 4500 |
| 082 ## - DEWEY DECIMAL CLASSIFICATION NUMBER | |
| Classification number | 621.8 |
| Author Mark | SHU |
| -- | L-24, P-11 |
| 100 1# - MAIN ENTRY--PERSONAL NAME | |
| Personal name | Shuman, John Theodore, |
| 9 (RLIN) | 41971 |
| 245 10 - TITLE STATEMENT | |
| Title | Fundamental shop training for those preparing for war service |
| Statement of responsibility, etc. | [by] John T. Shuman ... Captain Bailey Wright ... James Ritchey ... and a staff of technical experts. |
| 260 ## - PUBLICATION, DISTRIBUTION, ETC. | |
| Place of publication, distribution, etc. | Chicago, |
| Name of publisher, distributor, etc. | American technical society, |
| Date of publication, distribution, etc. | 1943. |
| 300 ## - PHYSICAL DESCRIPTION | |
| Extent | 327 p. |
| Other physical details | incl. front., illus., diagrs. |
| Dimensions | 22 cm. |
| 490 0# - SERIES STATEMENT | |
| Series statement | American technical society, Chicago. Production training series |
| 500 ## - GENERAL NOTE | |
| General note | Preinduction training workbook, prepared by the instruction staff of the American technical society for Fundamental shop training, using the six-step plan of instruction. Includes home and school workshop projects. Chicago, Ill., American technical society [1943] 73, [10] p. illus., fold. plates, diagrs. 28 x 22 cm. (On cover: American technical society, Chicago. Preinduction training series) "References": p. 71. |
| 526 ## - STUDY PROGRAM INFORMATION NOTE | |
| Program name | 0 |
| Interest level | 0 |
| Reading level | 0 |
| Title point value | 621_800000000000000_SHU |
| 650 #0 - SUBJECT ADDED ENTRY--TOPICAL TERM | |
| Topical term or geographic name entry element | Airplanes |
| General subdivision | Design and construction. |
| 9 (RLIN) | 2216 |
| 650 #0 - SUBJECT ADDED ENTRY--TOPICAL TERM | |
| Topical term or geographic name entry element | Knots and splices. |
| 9 (RLIN) | 41972 |
| 650 #0 - SUBJECT ADDED ENTRY--TOPICAL TERM | |
| Topical term or geographic name entry element | MCE |
| 9 (RLIN) | 379 |
| 650 #0 - SUBJECT ADDED ENTRY--TOPICAL TERM | |
| Topical term or geographic name entry element | Metal-work. |
| 9 (RLIN) | 34700 |
| 650 #0 - SUBJECT ADDED ENTRY--TOPICAL TERM | |
| Topical term or geographic name entry element | Woodwork. |
| 9 (RLIN) | 41973 |
| 700 1# - ADDED ENTRY--PERSONAL NAME | |
| Personal name | Ritchey, James, |
| 9 (RLIN) | 41974 |
| 700 1# - ADDED ENTRY--PERSONAL NAME | |
| Personal name | Wright, Bailey Auera, |
| 9 (RLIN) | 41975 |
| 942 ## - ADDED ENTRY ELEMENTS (KOHA) | |
| Source of classification or shelving scheme | |
| Koha item type | Book |
| Withdrawn status | Lost status | Source of classification or shelving scheme | Damaged status | Not for loan | Permanent Location | Current Location | Date acquired | Total Checkouts | Full call number | Barcode | Date last seen | Price effective from | Koha item type |
|---|---|---|---|---|---|---|---|---|---|---|---|---|---|
| Military College of Engineering (MCE) | Military College of Engineering (MCE) | 06/02/2014 | 621.8 SHU | MCE-41091 | 06/02/2014 | 06/02/2014 | Book |
